000 00744nam a2200253 a 4500
001 59534
003 BD-RjUL
005 20211209080737.0
008 161226s1984 enk b 001 0 eng
020 _a0538078200
035 _a(BD-RjUL)59658
040 _aDLC
_cDLC
_dBD-RjUL
_beng
041 _aeng
082 _223
_a658.3
_bCHM 1984
100 _aChruden, Herbert J
_9177077
245 1 0 _aManaging human resources /
_cHerbert J Chruden; Arthur W Sherman
260 _aBeverly Hills, Calif. :
_bSage Publications,
_cc1984
300 _a614 p. :
_bill. ;
_c23 cm.
500 _aIncludes index
650 0 _aPersonnel management
_9170518
700 _aSherman Arthur W
_9177078
942 _2ddc
_cBK
999 _c59534
_d59534